| 000 | 00887nam a2200289 a 4500 | ||
|---|---|---|---|
| 001 | 000026197 | ||
| 003 | DO-SdBPM | ||
| 005 | 20251107094756.0 | ||
| 007 | ta | ||
| 008 | 110304s2018 dr 000 0 spa d | ||
| 020 | _a19992015 | ||
| 040 |
_aDO-SdBPM _bspa _cBPMSU _drda |
||
| 082 | 4 |
_aRD861.44 _bT233c 2018 _222 |
|
| 100 | 1 |
_aTaveras Mejía, Antonio _eautor _d |
|
| 245 | 1 | 0 |
_aCompañeras, compañeros / _cAntonio Taveras Mejía |
| 264 |
_aSanto Domingo : _bEditorial Portorreal, _c2018 |
||
| 300 |
_a55 páginas ; _c22 cm. |
||
| 336 |
_atexto _btxt _2rdacontent |
||
| 337 |
_asin mediación _bn _2rdamedia |
||
| 338 |
_avolumen _bnc _2rdacarrier |
||
| 500 | _aIncluye datos biográficos del autor | ||
| 590 | _aInventariado, 2025/VM | ||
| 650 | 7 | _aPoesía dominicana | |
| 650 | 7 | _aLiteratura dominicana | |
| 910 | _aVMateo V. Control de calidad BPMSU | ||
| 942 |
_2ddc _cBK |
||
| 999 |
_c15496 _d15496 |
||